BIBLIOTECA PODER JUDICIAL
Portal Judicial TDF

¿Qué hacer cuando un progenitor impide al otro comunicarse regularmente con su hijo? : (Registro nro. 5256)

000 -LEADER
fixed length control field 01561nab a22002657a 4500
003 - CONTROL NUMBER IDENTIFIER
control field OSt
005 - DATE AND TIME OF LATEST TRANSACTION
control field 20250209192259.0
008 - FIXED-LENGTH DATA ELEMENTS--GENERAL INFORMATION
fixed length control field 190603e xxum|||| |||| 00| 0 spa d
040 ## - CATALOGING SOURCE
Transcribing agency PJ
100 ## - MAIN ENTRY--PERSONAL NAME
9 (RLIN) 6309
Personal name Flores Medina, Pablo
245 13 - TITLE STATEMENT
Title ¿Qué hacer cuando un progenitor impide al otro comunicarse regularmente con su hijo? :
Remainder of title Indemnización del daño por impedimento de contacto paternofilial /
Statement of responsibility, etc Pablo Flores Medina.
260 ## - PUBLICATION, DISTRIBUTION, ETC. (IMPRINT)
Date of publication, distribution, etc Ciudad Autónoma de Buenos Aires :
Place of publication, distribution, etc Thomson Reuters La Ley,
Name of publisher, distributor, etc 2025.
300 ## - PHYSICAL DESCRIPTION
Extent p. 145-148
500 ## - GENERAL NOTE
General note Cita Online: TR LALEY AR/DOC/28/2025.<br/> Publicado en: RCCyC 2025 (febrero) , 145.
505 ## - FORMATTED CONTENTS NOTE
Formatted contents note Sumario: I. Introducción.— II. El derecho-deber de comunicación como derecho subjetivo familiar.— III. La violencia familiar por impedimento de contacto.— IV. Procedencia de la acción de daños y perjuicios.— V. Fundamentos de la obligación de indemnizar.— VI. Soluciones para lograr una comunicación parento- filial eficaz.— VII. Conclusión
505 ## - FORMATTED CONTENTS NOTE
Title ¿Te interesa el texto completo? Solicitalo al correo: koha@justierradelfuego.gov.ar
650 #0 - SUBJECT ADDED ENTRY--TOPICAL TERM
9 (RLIN) 967
Topical term or geographic name as entry element DERECHO DE FAMILIA
650 #0 - SUBJECT ADDED ENTRY--TOPICAL TERM
9 (RLIN) 1467
Topical term or geographic name as entry element RESPONSABILIDAD CIVIL
650 #0 - SUBJECT ADDED ENTRY--TOPICAL TERM
9 (RLIN) 3392
Topical term or geographic name as entry element IMPEDIMENTO DE CONTACTO DEL MENOR CON EL PADRE NO CONVIVIENTE
650 #0 - SUBJECT ADDED ENTRY--TOPICAL TERM
9 (RLIN) 2823
Topical term or geographic name as entry element DAÑOS Y PERJUICIOS
650 #0 - SUBJECT ADDED ENTRY--TOPICAL TERM
9 (RLIN) 1382
Topical term or geographic name as entry element INDEMNIZACION
650 #0 - SUBJECT ADDED ENTRY--TOPICAL TERM
9 (RLIN) 470
Topical term or geographic name as entry element RELACIONES DE FAMILIA
773 0# - HOST ITEM ENTRY
Host Biblionumber 2713
Host Itemnumber 3170
Place, publisher, and date of publication Ciudad Autónoma de Buenos Aires : Thomson Reuters La Ley, 2015-
Title Revista Código Civil y Comercial. Nº 1 - Febrero 2025
942 ## - ADDED ENTRY ELEMENTS (KOHA)
Source of classification or shelving scheme
Koha item type Analítica Artículo de Revista

No hay ítems disponibles.

12 de Octubre 789 Ushuaia - Tel:  54(02901)441571
Horario de Atención: 8.00 a 17.00 hs. 
bibliotecaush@justierradelfuego.gov.ar
koha@justierradelfuego.gov.ar
Seguinos en nuestras redes @bibliojustdf 

Con tecnología Koha